[Event "Cto. Madrid 2016/2017 - Semifinal"]
[Site "Madrid ESP"]
[Date "2017.03.27"]
[Round "1.1"]
[White "Pablos Tenrero, Raquel"]
[Black "Longa Yauca, Javier"]
[Result "0-1"]
[WhiteElo "1987"]
[BlackElo "2257"]
[PlyCount "52"]
[EventDate "2017.03.27"]
[EventType "swiss"]
[EventRounds "9"]
[EventCountry "ESP"]
[SourceTitle "AeM"]
[Source "lmi"]
[SourceDate "2017.03.27"]

1. e4 Nc6 2. d4 d5 3. exd5 Qxd5 4. Be3 e5 5. c4 Bb4+ 6. Nc3 Qe4 7. d5 Bxc3+ 8.
bxc3 Nce7 9. Qd3 Bf5 10. Qxe4 Bxe4 11. f3 Bg6 12. Ne2 O-O-O 13. Ng3 f5 14. Bc5
b6 15. Ba3 c5 16. dxc6 Nxc6 17. c5 f4 18. Ba6+ Kc7 19. Ne2 Nf6 20. g3 Bd3 21.
Bxd3 Rxd3 22. O-O g5 23. Kf2 Rhd8 24. Rfe1 g4 25. fxg4 fxg3+ 26. Nxg3 Nxg4+ 0-1

[Event "Cto. Madrid 2016/2017 - Semifinal"]
[Site "Madrid ESP"]
[Date "2017.03.27"]
[Round "1.2"]
[White "Quevedo Marin, Manuel"]
[Black "Morera Rodriguez, Ignacio"]
[Result "1-0"]
[WhiteElo "2245"]
[BlackElo "1977"]
[PlyCount "59"]
[EventDate "2017.03.27"]
[EventType "swiss"]
[EventRounds "9"]
[EventCountry "ESP"]
[SourceTitle "AeM"]
[Source "lmi"]
[SourceDate "2017.03.27"]

1. e4 e5 2. Nf3 Nc6 3. Nc3 Nf6 4. d4 exd4 5. Nxd4 Bb4 6. Nxc6 bxc6 7. Bd3 O-O
8. O-O d6 9. Bg5 h6 10. Bh4 g5 11. Bg3 Bg4 12. f3 Bh5 13. a3 Bc5+ 14. Kh1 Nd7
15. Qd2 Ne5 16. Ba6 Rb8 17. b4 Bb6 18. a4 c5 19. a5 cxb4 20. Nd5 Bc5 21. f4 Nd7
22. fxg5 hxg5 23. e5 dxe5 24. Nf6+ Nxf6 25. Qxg5+ Bg6 26. Rxf6 Kh7 27. Bxe5 Be7
28. Bd3 Bxf6 29. Bxf6 Qd6 30. Qh4+ 1-0

[Event "Cto. Madrid 2016/2017 - Semifinal"]
[Site "Madrid ESP"]
[Date "2017.03.27"]
[Round "1.3"]
[White "Ocana Lameiro, Oliver"]
[Black "Madina Yadarola, Martin"]
[Result "1/2-1/2"]
[WhiteElo "1966"]
[BlackElo "2243"]
[PlyCount "70"]
[EventDate "2017.03.27"]
[EventType "swiss"]
[EventRounds "9"]
[EventCountry "ESP"]
[SourceTitle "AeM"]
[Source "lmi"]
[SourceDate "2017.03.27"]

1. e4 d6 2. d4 Nf6 3. Nc3 c6 4. f4 Qa5 5. Bd3 e5 6. Nf3 Nbd7 7. O-O Be7 8. h3
O-O 9. Kh2 Re8 10. Bd2 Qc7 11. a4 Bf8 12. fxe5 dxe5 13. dxe5 Nxe5 14. Nxe5 Bd6
15. Qf3 Bxe5+ 16. Bf4 Bxf4+ 17. Qxf4 Qxf4+ 18. Rxf4 Nd7 19. Rd1 Ne5 20. Rf2 a5
21. Rfd2 Be6 22. b3 g6 23. Ne2 Rad8 24. Nf4 Rd4 25. Nxe6 Rxe6 26. Kg3 Kg7 27.
Kf4 Nd7 28. c3 Rdd6 29. Bc4 Rxd2 30. Rxd2 Re7 31. b4 axb4 32. cxb4 Nb6 33. Bb3
Rd7 34. Rxd7 Nxd7 35. e5 Kf8 1/2-1/2

[Event "Cto. Madrid 2016/2017 - Semifinal"]
[Site "Madrid ESP"]
[Date "2017.03.27"]
[Round "1.4"]
[White "Prieto Martin, Alfonso"]
[Black "Vazquez Gonzalez, Francisco"]
[Result "1-0"]
[WhiteElo "2228"]
[BlackElo "1955"]
[PlyCount "69"]
[EventDate "2017.03.27"]
[EventType "swiss"]
[EventRounds "9"]
[EventCountry "ESP"]
[SourceTitle "AeM"]
[Source "lmi"]
[SourceDate "2017.03.27"]

1. e4 e5 2. Nf3 Nc6 3. c3 Nf6 4. d4 exd4 5. e5 Nd5 6. cxd4 Bb4+ 7. Bd2 Bxd2+ 8.
Qxd2 Qe7 9. Nc3 Nxc3 10. Qxc3 d5 11. Bb5 Bd7 12. O-O O-O 13. Rfe1 a6 14. Ba4 h6
15. Rac1 Rac8 16. Nd2 Qh4 17. Bxc6 Bxc6 18. Nb3 Rfe8 19. Nc5 b6 20. Nxa6 Bb7
21. Nb4 c5 22. g3 Qg4 23. Nc2 Qh3 24. Qd3 Ra8 25. a3 Red8 26. Ne3 Ra4 27. dxc5
bxc5 28. Rxc5 d4 29. Qf5 Qxf5 30. Nxf5 d3 31. Rd1 d2 32. Nd6 Re4 33. Nxe4 Bxe4
34. Rc3 g5 35. f3 1-0

[Event "Cto. Madrid 2016/2017 - Semifinal"]
[Site "Madrid ESP"]
[Date "2017.03.27"]
[Round "1.5"]
[White "Vukotic Jovsic, Dragan"]
[Black "Alfaya Marcelo, Roberto"]
[Result "0-1"]
[WhiteElo "1950"]
[BlackElo "2193"]
[PlyCount "80"]
[EventDate "2017.03.27"]
[EventType "swiss"]
[EventRounds "9"]
[EventCountry "ESP"]
[SourceTitle "AeM"]
[Source "lmi"]
[SourceDate "2017.03.27"]

1. d4 Nf6 2. Bf4 e6 3. e3 c5 4. c3 b6 5. Nf3 Bb7 6. Nbd2 Be7 7. h3 O-O 8. Bd3
cxd4 9. exd4 d6 10. O-O Nbd7 11. Re1 Qc7 12. a4 a6 13. Qe2 Rfe8 14. Ng5 Bf8 15.
Ndf3 h6 16. Ne4 Nxe4 17. Bxe4 Bxe4 18. Qxe4 Nf6 19. Qd3 Qb7 20. c4 b5 21. b3
bxc4 22. bxc4 Rec8 23. Nd2 Qc6 24. a5 Rab8 25. Qa3 Rb7 26. Rab1 Rcb8 27. Qa2
Rb4 28. Rxb4 Rxb4 29. Re3 Qa4 30. Ra3 Qd1+ 31. Kh2 d5 32. c5 Rxd4 33. Be3 Bxc5
34. Bxd4 Bxa3 35. Qxa3 Qxd2 36. Bxf6 Qf4+ 37. Kg1 Qxf6 38. Qc5 Qd8 39. Qb6 Qc8
40. f4 Qc1+ 0-1

[Event "Cto. Madrid 2016/2017 - Semifinal"]
[Site "Madrid ESP"]
[Date "2017.03.27"]
[Round "1.6"]
[White "Torres Bosch, Jose Francisco"]
[Black "Rosa Ramirez, Victor Diego"]
[Result "1-0"]
[WhiteElo "2154"]
[BlackElo "1945"]
[PlyCount "55"]
[EventDate "2017.03.27"]
[EventType "swiss"]
[EventRounds "9"]
[EventCountry "ESP"]
[SourceTitle "AeM"]
[Source "lmi"]
[SourceDate "2017.03.27"]

1. d4 d5 2. c4 e6 3. Nc3 c6 4. Nf3 dxc4 5. a4 Bb4 6. e4 b5 7. Bd2 a5 8. axb5
Bxc3 9. Bxc3 cxb5 10. b3 Bb7 11. Qb1 Nf6 12. bxc4 b4 13. Bd3 Nbd7 14. Bd2 e5
15. Bg5 exd4 16. O-O Qc7 17. e5 Ng4 18. Re1 Kf8 19. Be4 h5 20. Bxb7 Qxb7 21.
Qf5 Nh6 22. Bxh6 Rxh6 23. e6 Rf6 24. e7+ Ke8 25. Qh7 Re6 26. Rxe6 fxe6 27. Qxg7
Nc5 28. Qf8+ 1-0

[Event "Cto. Madrid 2016/2017 - Semifinal"]
[Site "Madrid ESP"]
[Date "2017.03.27"]
[Round "1.7"]
[White "Guillo Longares, Cecilia"]
[Black "Iagar, Razvan Gabriel"]
[Result "0-1"]
[WhiteElo "1919"]
[BlackElo "2150"]
[PlyCount "94"]
[EventDate "2017.03.27"]
[EventType "swiss"]
[EventRounds "9"]
[EventCountry "ESP"]
[SourceTitle "AeM"]
[Source "lmi"]
[SourceDate "2017.03.27"]

1. d4 d5 2. c4 c6 3. Nf3 Nf6 4. Nc3 e6 5. Bg5 Nbd7 6. e3 Qa5 7. Nd2 Bb4 8. Qc1
Ne4 9. Ndxe4 dxe4 10. Bf4 e5 11. Bg3 exd4 12. exd4 O-O 13. Be2 f5 14. O-O Nf6
15. Qe3 Be6 16. Rac1 Rad8 17. a3 Bd6 18. Rfd1 Bf7 19. b4 Qc7 20. Bxd6 Qxd6 21.
d5 Qb8 22. dxc6 bxc6 23. Qc5 Rxd1+ 24. Rxd1 f4 25. Qxc6 Qe5 26. Nd5 Nxd5 27.
cxd5 f3 28. Bf1 e3 29. fxe3 Qxe3+ 30. Kh1 Qxa3 31. Rd3 fxg2+ 32. Kxg2 Qxb4 33.
Qd7 Bg6 34. Qe6+ Kh8 35. Re3 Qf4 36. Re1 Bh5 37. Kh1 Bg4 38. Qe7 Bf3+ 39. Bg2
Bxg2+ 40. Kxg2 Qf3+ 41. Kg1 Qf2+ 42. Kh1 h6 43. d6 Qf3+ 44. Kg1 Rf4 45. h3 Qg3+
46. Kh1 Qxh3+ 47. Kg1 Qg3+ 0-1

[Event "Cto. Madrid 2016/2017 - Semifinal"]
[Site "Madrid ESP"]
[Date "2017.03.27"]
[Round "1.9"]
[White "Vazquez Gonzalez, Jesus"]
[Black "Casares Ripoll, Fernando"]
[Result "1/2-1/2"]
[WhiteElo "1912"]
[BlackElo "2106"]
[PlyCount "115"]
[EventDate "2017.03.27"]
[EventType "swiss"]
[EventRounds "9"]
[EventCountry "ESP"]
[SourceTitle "AeM"]
[Source "lmi"]
[SourceDate "2017.03.27"]

1. d4 Nf6 2. Nf3 d5 3. c4 c5 4. cxd5 cxd4 5. Qxd4 Qxd5 6. Nc3 Qxd4 7. Nxd4 a6
8. Bg5 e5 9. Nf3 Nc6 10. Bxf6 gxf6 11. Nd5 Bb4+ 12. Nd2 O-O 13. Nxf6+ Kg7 14.
Nd5 Bxd2+ 15. Kxd2 Rd8 16. e4 Be6 17. Bc4 Na5 18. b3 b5 19. Bd3 Bxd5 20. exd5
Rxd5 21. Ke2 Rad8 22. Be4 Rd2+ 23. Ke3 Rb2 24. Rhb1 Rdd2 25. Rxb2 Rxb2 26. g4
h6 27. h4 Kf6 28. f4 exf4+ 29. Kxf4 Rf2+ 30. Ke3 Rh2 31. Rf1+ Ke7 32. Bd5 f6
33. g5 hxg5 34. hxg5 fxg5 35. Kd4 Rxa2 36. Rf7+ Ke8 37. Rg7 Rc2 38. Rg6 Kd7 39.
Rxa6 Nc6+ 40. Bxc6+ Rxc6 41. Ra7+ Ke6 42. Rb7 Kf5 43. Rxb5+ Kf4 44. Kd3 g4 45.
Rb8 g3 46. Rg8 Kf3 47. b4 g2 48. Kd4 Rf6 49. Kc5 Rf5+ 50. Kc6 Rf4 51. Rxg2 Kxg2
52. b5 Rc4+ 53. Kd7 Rb4 54. Kc6 Kf3 55. b6 Ke4 56. b7 Ke5 57. Kc7 Rc4+ 58. Kd7
1/2-1/2

[Event "Cto. Madrid 2016/2017 - Semifinal"]
[Site "Madrid ESP"]
[Date "2017.03.27"]
[Round "1.10"]
[White "Anton Veiga, Juan Carlos"]
[Black "Lopez Heras, Arturo"]
[Result "1/2-1/2"]
[WhiteElo "2089"]
[BlackElo "1905"]
[PlyCount "96"]
[EventDate "2017.03.27"]
[EventType "swiss"]
[EventRounds "9"]
[EventCountry "ESP"]
[SourceTitle "AeM"]
[Source "lmi"]
[SourceDate "2017.03.27"]

1. e4 c5 2. Nf3 e6 3. d4 cxd4 4. Nxd4 Nc6 5. Nc3 Nf6 6. Ndb5 d6 7. Bf4 e5 8.
Bg5 Be6 9. Bd3 Be7 10. Bxf6 Bxf6 11. O-O a6 12. Na3 O-O 13. Nc4 Bg5 14. Re1 Rc8
15. Ne3 Bh6 16. Ncd5 Qg5 17. c3 Ne7 18. Qb3 Ng6 19. Qd1 Nh4 20. Bf1 Kh8 21. Qe2
f5 22. exf5 Nxf5 23. Nxf5 Rxf5 24. Ne3 Rf6 25. Qd2 Rcf8 26. Re2 Bd7 27. Rae1
Bc6 28. Kh1 Qg6 29. h3 Bb5 30. f3 Bxe2 31. Qxe2 Bf4 32. Nd5 Qg3 33. Nxf4 Qxf4
34. Qc2 Rh6 35. Re4 Qf5 36. Qd2 Rff6 37. Kh2 Rhg6 38. Qd5 Qc8 39. Rc4 Qb8 40.
Rb4 b5 41. Bd3 Rh6 42. a4 Rf4 43. Be4 g5 44. axb5 axb5 45. Rxb5 Qg8 46. Qxg8+
Kxg8 47. Kg3 Rhf6 48. c4 h5 1/2-1/2

[Event "Cto. Madrid 2016/2017 - Semifinal"]
[Site "Madrid ESP"]
[Date "2017.03.27"]
[Round "1.11"]
[White "Tirado Parra, Alberto"]
[Black "Correas Gonzalez, Jose Ramon"]
[Result "0-1"]
[WhiteElo "1897"]
[BlackElo "2080"]
[PlyCount "61"]
[EventDate "2017.03.27"]
[EventType "swiss"]
[EventRounds "9"]
[EventCountry "ESP"]
[SourceTitle "AeM"]
[Source "lmi"]
[SourceDate "2017.03.27"]

1. f4 d5 2. Nf3 g6 3. d3 Bg7 4. c3 Nf6 5. Qc2 b6 6. e4 dxe4 7. dxe4 Bb7 8. Bd3
e6 9. O-O Nbd7 10. Rd1 Qe7 11. b4 O-O 12. Nbd2 a5 13. bxa5 Qc5+ 14. Kf1 Ng4 15.
Nc4 Bxe4 16. Bxe4 Qxc4+ 17. Qe2 Qxc3 18. Rb1 Rad8 19. Bd2 Qf6 20. axb6 Nxb6 21.
Rdc1 Nd5 22. g3 h5 23. Kg2 Rd7 24. h3 Nh6 25. Ne5 Rdd8 26. Bxd5 Rxd5 27. Rxc7
Qd8 28. Rc2 Nf5 29. Bb4 Qa8 30. Nf3 Rfd8 31. Rd2 0-1

[Event "Cto. Madrid 2016/2017 - Semifinal"]
[Site "Madrid ESP"]
[Date "2017.03.27"]
[Round "1.13"]
[White "Garcia Serrano, Jose Manuel"]
[Black "Pindado Campos, Raul"]
[Result "0-1"]
[WhiteElo "1871"]
[BlackElo "2046"]
[PlyCount "60"]
[EventDate "2017.03.27"]
[EventType "swiss"]
[EventRounds "9"]
[EventCountry "ESP"]
[SourceTitle "AeM"]
[Source "lmi"]
[SourceDate "2017.03.27"]

1. e4 c5 2. Nf3 d6 3. d4 cxd4 4. Nxd4 Nf6 5. Nc3 a6 6. Be2 e6 7. O-O Be7 8. f4
Qc7 9. Be3 Bd7 10. Bf3 Nc6 11. Nb3 b5 12. a3 Rc8 13. Qe2 O-O 14. Rad1 b4 15.
axb4 Nxb4 16. g4 d5 17. g5 Nxe4 18. Nxe4 dxe4 19. Bxe4 Bb5 20. Qh5 g6 21. Qh6
Rfd8 22. Nd4 Bxf1 23. Rxf1 Bf8 24. Qh4 Nd5 25. Bc1 Qa7 26. c3 Nxc3 27. bxc3
Rxc3 28. Bb2 Qxd4+ 29. Qf2 Qxf2+ 30. Kxf2 Rd2+ 0-1

[Event "Cto. Madrid 2016/2017 - Semifinal"]
[Site "Madrid ESP"]
[Date "2017.03.27"]
[Round "1.14"]
[White "Cervino Rossel, Cristobal"]
[Black "Pashov, Spas Nikolov"]
[Result "1-0"]
[WhiteElo "2045"]
[BlackElo "1867"]
[PlyCount "51"]
[EventDate "2017.03.27"]
[EventType "swiss"]
[EventRounds "9"]
[EventCountry "ESP"]
[SourceTitle "AeM"]
[Source "lmi"]
[SourceDate "2017.03.27"]

1. d4 Nf6 2. Nf3 d5 3. g3 e6 4. Bg2 c5 5. O-O Nc6 6. c4 dxc4 7. Ne5 Nxe5 8.
dxe5 Qxd1 9. Rxd1 Nd7 10. f4 Rb8 11. a4 f6 12. exf6 gxf6 13. Na3 Be7 14. Nxc4
Kf7 15. Be3 b6 16. Nd6+ Bxd6 17. Rxd6 Ke7 18. Rad1 Rd8 19. f5 Re8 20. Rxe6+ Kf7
21. Bd5 Bb7 22. Bc4 Nf8 23. Re4+ Kg7 24. Rg4+ Ng6 25. Rd7+ Kh8 26. fxg6 1-0

[Event "Cto. Madrid 2016/2017 - Semifinal"]
[Site "Madrid ESP"]
[Date "2017.03.27"]
[Round "1.15"]
[White "Lozano Sanchez, Jose Antonio"]
[Black "Corisco Beltran, Rafael"]
[Result "0-1"]
[WhiteElo "1864"]
[BlackElo "2038"]
[PlyCount "46"]
[EventDate "2017.03.27"]
[EventType "swiss"]
[EventRounds "9"]
[EventCountry "ESP"]
[SourceTitle "AeM"]
[Source "lmi"]
[SourceDate "2017.03.27"]

1. e4 c5 2. Nf3 d6 3. Bc4 Nf6 4. Nc3 a6 5. a4 e6 6. O-O Be7 7. d4 cxd4 8. Nxd4
O-O 9. Re1 Qc7 10. Bb3 Nbd7 11. Bg5 Ne5 12. Qe2 h6 13. Bh4 Qc5 14. Rad1 Ng6 15.
Bg3 Nh5 16. Qd3 Nhf4 17. Bxf4 Nxf4 18. Qf3 Bf6 19. Qxf4 Bxd4 20. Ne2 Be5 21.
Qd2 b5 22. Nf4 Bxb2 23. Qxd6 Qxd6 0-1

[Event "Cto. Madrid 2016/2017 - Semifinal"]
[Site "Madrid ESP"]
[Date "2017.03.27"]
[Round "1.16"]
[White "Pana, Dorin"]
[Black "Fernandez Garcia, Ignacio"]
[Result "1-0"]
[WhiteElo "2034"]
[BlackElo "1862"]
[PlyCount "77"]
[EventDate "2017.03.27"]
[EventType "swiss"]
[EventRounds "9"]
[EventCountry "ESP"]
[SourceTitle "AeM"]
[Source "lmi"]
[SourceDate "2017.03.27"]

1. e4 d6 2. d4 Nf6 3. Nc3 g6 4. Bg5 c6 5. Bc4 Bg7 6. Qd2 b5 7. Bd3 b4 8. Na4
Qa5 9. b3 Ba6 10. Nf3 Bxd3 11. cxd3 h6 12. Be3 Ng4 13. Rc1 Nxe3 14. fxe3 Qb5
15. e5 a5 16. d5 c5 17. d4 Nd7 18. e6 fxe6 19. dxe6 Nf6 20. dxc5 dxc5 21. Rxc5
Qa6 22. Qc2 O-O 23. Rc6 Rac8 24. Nd4 Rxc6 25. Nxc6 Nd5 26. Qc4 Qxc4 27. bxc4
Nxe3 28. Nxe7+ Kh7 29. Nd5 Nxg2+ 30. Kd2 Rf2+ 31. Kd3 Bf8 32. Nab6 Bc5 33. Nd7
Bd6 34. c5 Bxc5 35. Nxc5 Kg7 36. Ne4 Rf5 37. Kd4 Nh4 38. e7 Kf7 39. Nd6+ 1-0

[Event "Cto. Madrid 2016/2017 - Semifinal"]
[Site "Madrid ESP"]
[Date "2017.03.27"]
[Round "1.17"]
[White "Santamaria Baeza, Adolfo"]
[Black "Lopez De Turiso, Jose Angel"]
[Result "0-1"]
[WhiteElo "1855"]
[BlackElo "2031"]
[PlyCount "82"]
[EventDate "2017.03.27"]
[EventType "swiss"]
[EventRounds "9"]
[EventCountry "ESP"]
[SourceTitle "AeM"]
[Source "lmi"]
[SourceDate "2017.03.27"]

1. e4 c5 2. Nf3 Nc6 3. d4 cxd4 4. Nxd4 e5 5. Nb5 a6 6. Nd6+ Bxd6 7. Qxd6 Qf6 8.
Qc5 Nge7 9. Be3 d6 10. Qb6 d5 11. Bd3 d4 12. Bd2 Qg6 13. g3 Bh3 14. Rg1 O-O 15.
Na3 f5 16. f3 fxe4 17. Bxe4 Bf5 18. Bxc6 Nxc6 19. O-O-O Qf6 20. b3 Be6 21. f4
e4 22. Kb1 Rfd8 23. g4 e3 24. f5 Bd5 25. Bc1 Bf3 26. Rdf1 Be4 27. Rf4 Qe7 28.
g5 Qe5 29. Rgf1 e2 30. Re1 Bxf5 31. Nc4 Qe6 32. Na5 d3 33. Nxc6 dxc2+ 34. Kb2
bxc6 35. Qf2 Qe5+ 36. Ka3 Bd3 37. Qg3 Rd5 38. Bd2 Re8 39. g6 Bxg6 40. Bc3 Qe7+
41. Kb2 Rd1 0-1

[Event "Cto. Madrid 2016/2017 - Semifinal"]
[Site "Madrid ESP"]
[Date "2017.03.27"]
[Round "1.18"]
[White "Kejo, Janne"]
[Black "Anton Quevedo, Andrea"]
[Result "1-0"]
[WhiteElo "2026"]
[BlackElo "1849"]
[PlyCount "193"]
[EventDate "2017.03.27"]
[EventType "swiss"]
[EventRounds "9"]
[EventCountry "ESP"]
[SourceTitle "AeM"]
[Source "lmi"]
[SourceDate "2017.03.27"]

1. d4 Nf6 2. c4 g6 3. Nc3 d5 4. Bf4 Bg7 5. e3 c6 6. Nf3 O-O 7. Qb3 e6 8. Be2
Nbd7 9. cxd5 exd5 10. Bg5 Re8 11. O-O Qe7 12. Rac1 Nf8 13. Na4 Bf5 14. Nc5 b6
15. Nd3 Rac8 16. Nb4 Qe6 17. Ba6 Ne4 18. Bxc8 Rxc8 19. Bf4 h6 20. Rfd1 g5 21.
Be5 g4 22. Nh4 Bxe5 23. dxe5 Bh7 24. f4 Nd7 25. Qa3 Qe7 26. g3 Ndc5 27. Nd3 Kg7
28. f5 Qg5 29. f6+ Kh8 30. Nf4 Qg8 31. b4 Nd7 32. Qb2 Qe8 33. e6 Ndxf6 34. exf7
Qxf7 35. b5 Nc5 36. bxc6 Kg8 37. Qe5 Be4 38. Nf5 Bxf5 39. Qxf5 Rxc6 40. Nxd5
Nxd5 41. Qxf7+ Kxf7 42. Rxd5 Re6 43. Rc3 Kg6 44. Ra3 a6 45. Kf2 Rc6 46. Ke2 h5
47. Rc3 Re6 48. Rc4 Ne4 49. Rc7 Nc5 50. Rc8 Ne4 51. Rdd8 Nf6 52. Ra8 b5 53. Ra7
Rc6 54. Kd3 Re6 55. Rd4 Rc6 56. e4 Re6 57. a4 Nh7 58. axb5 axb5 59. Ke3 Ng5 60.
Ra2 Rc6 61. Rb4 Re6 62. Kd3 Rd6+ 63. Ke3 Re6 64. Rd4 Nf3 65. Rb4 Ng5 66. Rab2
Re7 67. Rf2 Re6 68. Rf4 Re5 69. Rf5 Rxe4+ 70. Rxe4 Kxf5 71. Rf4+ Kg6 72. Rb4
Nf3 73. Rxb5 Nxh2 74. Kf4 Nf3 75. Rb6+ Kg7 76. Rd6 Kh7 77. Kf5 Kg7 78. Rd1 Kh7
79. Rd7+ Kh6 80. Rd8 Kg7 81. Rd6 Kh7 82. Rd3 Kg7 83. Rd7+ Kh6 84. Rd1 Kg7 85.
Rh1 Kh6 86. Rd1 Kg7 87. Rd3 Kh7 88. Kf6 Kh6 89. Rd8 Kh7 90. Rd7+ Kh6 91. Rd5
Ng1 92. Rd8 Kh7 93. Kg5 Ne2 94. Rd7+ Kg8 95. Rd3 h4 96. Kxh4 Kf7 97. Kxg4 1-0

[Event "Cto. Madrid 2016/2017 - Semifinal"]
[Site "Madrid ESP"]
[Date "2017.03.27"]
[Round "1.19"]
[White "Serrano Garcia, Vicente"]
[Black "De La Esperanza Martin, Alberto"]
[Result "0-1"]
[WhiteElo "1841"]
[BlackElo "2024"]
[PlyCount "108"]
[EventDate "2017.03.27"]
[EventType "swiss"]
[EventRounds "9"]
[EventCountry "ESP"]
[SourceTitle "AeM"]
[Source "lmi"]
[SourceDate "2017.03.27"]

1. d4 d5 2. Nf3 e6 3. Bf4 Nf6 4. e3 c5 5. c3 Nc6 6. Nbd2 Be7 7. Bd3 O-O 8. Ne5
h6 9. h4 Qb6 10. Rb1 cxd4 11. Nxc6 bxc6 12. exd4 c5 13. Nf3 cxd4 14. Nxd4 Ba6
15. Qe2 Bxd3 16. Qxd3 Nd7 17. Qg3 Kh8 18. O-O Bf6 19. Be3 Qa6 20. a3 Nc5 21.
Qg4 Rab8 22. Nc2 Nd7 23. Nb4 Qb7 24. f4 Rfc8 25. Rbd1 Rc4 26. Qh3 a5 27. Nd3 d4
28. cxd4 Bxd4 29. Bxd4 Rxd4 30. Qe3 Rc4 31. Rf2 Nf6 32. Ne5 Rc7 33. Rfd2 Nd5
34. Qe4 Rbc8 35. f5 Qb6+ 36. Kh1 Nf6 37. Rd8+ Rxd8 38. Rxd8+ Kh7 39. Qb1 exf5
40. Qxf5+ g6 41. Qf4 Rc1+ 42. Qxc1 Qxd8 43. Nxf7 Qf8 44. Qc7 Kg8 45. Ne5 g5 46.
hxg5 hxg5 47. Qxa5 g4 48. Qe1 Qh6+ 49. Kg1 Qf4 50. Ng6 Qd4+ 51. Kh1 Kg7 52. Nh4
Qc5 53. Qf1 Ne4 54. Qd1 Nf2+ 0-1

[Event "Cto. Madrid 2016/2017 - Semifinal"]
[Site "Madrid ESP"]
[Date "2017.03.27"]
[Round "1.20"]
[White "Spitzer Isbert, Ramon"]
[Black "Jimenez Gonzalez, Marcos"]
[Result "1/2-1/2"]
[WhiteElo "2023"]
[BlackElo "1829"]
[PlyCount "130"]
[EventDate "2017.03.27"]
[EventType "swiss"]
[EventRounds "9"]
[EventCountry "ESP"]
[SourceTitle "AeM"]
[Source "lmi"]
[SourceDate "2017.03.27"]

1. c4 e6 2. Nf3 d5 3. d4 c5 4. cxd5 exd5 5. g3 Nc6 6. Bg2 Nf6 7. O-O Be7 8. Nc3
O-O 9. Bg5 c4 10. Ne5 Be6 11. Nxc4 Nxd4 12. Ne3 Nf3+ 13. Bxf3 d4 14. Nb5 dxe3
15. Bxe3 Nd5 16. Bd4 a6 17. Nc3 Nf6 18. Qd2 Qd7 19. Rfd1 Rfd8 20. Qe3 Qe8 21.
Bb6 Rxd1+ 22. Rxd1 Nd7 23. Bd4 Rb8 24. Ba7 Rc8 25. Bxb7 Rc7 26. Bxa6 Qa8 27.
Bc4 Rxc4 28. Rxd7 Bc5 29. Bxc5 Bxd7 30. b3 Rg4 31. f3 Rg6 32. Ne4 Re6 33. Qd3
Bc6 34. Ng5 Rg6 35. Qf5 Qe8 36. e4 Bd7 37. Qf4 h6 38. Nxf7 Qxf7 39. Qb8+ Kh7
40. Kf2 Rf6 41. f4 Bc6 42. Ke3 Re6 43. e5 Qf5 44. Qb4 Qg4 45. Qc4 Qf3+ 46. Kd2
Qd5+ 47. Qd3+ Qxd3+ 48. Kxd3 Kg8 49. Kd4 Bf3 50. b4 Ra6 51. f5 Kf7 52. Ke3 Bc6
53. Kf4 Rxa2 54. e6+ Ke8 55. Bd4 Ra4 56. Bxg7 Rxb4+ 57. Ke5 Rb5+ 58. Kd6 Be4
59. f6 Rd5+ 60. Kc7 Rf5 61. g4 Rf4 62. h4 Bg6 63. h5 Bf7 64. exf7+ Kxf7 65.
Bxh6 Rxf6 1/2-1/2

[Event "Cto. Madrid 2016/2017 - Semifinal"]
[Site "Madrid ESP"]
[Date "2017.03.27"]
[Round "1.21"]
[White "Ortega Morales, Pedro"]
[Black "Gonzalez Rivera, Eduardo"]
[Result "0-1"]
[WhiteElo "1786"]
[BlackElo "2020"]
[PlyCount "110"]
[EventDate "2017.03.27"]
[EventType "swiss"]
[EventRounds "9"]
[EventCountry "ESP"]
[SourceTitle "AeM"]
[Source "lmi"]
[SourceDate "2017.03.27"]

1. d4 d5 2. Bf4 Nf6 3. e3 c6 4. c3 Bf5 5. Nd2 Nbd7 6. Ngf3 e6 7. Be2 Be7 8. h3
O-O 9. O-O Ne4 10. Nxe4 Bxe4 11. Nd2 Bg6 12. Rc1 c5 13. a4 a6 14. Ra1 Nf6 15.
Bg3 Rc8 16. Re1 Qd7 17. a5 Bd6 18. Bxd6 Qxd6 19. Nf3 Nd7 20. Nd2 e5 21. dxe5
Nxe5 22. Nc4 Qe6 23. Nxe5 Qxe5 24. Bf3 Rfd8 25. Qd2 Be4 26. Qe2 f5 27. Bh5 g6
28. f4 Qc7 29. Bf3 Re8 30. Bxe4 Rxe4 31. Qd3 Rd8 32. Qc2 Rde8 33. Qd3 Rd8 34.
Qc2 Qe7 35. Qd2 Rd6 36. Rad1 Qd8 37. b4 b6 38. bxc5 bxc5 39. Qa2 Kg7 40. Qa3
Qc7 41. Kf2 Rd7 42. g3 Qd6 43. Rb1 d4 44. cxd4 cxd4 45. Rbc1 dxe3+ 46. Kg1 Qd5
47. Qc3+ Kh6 48. Rxe3 Rxe3 49. Qxe3 Qxa5 50. Qc3 Rd1+ 51. Kf2 Qb6+ 52. Ke2 Rd4
53. Qc5 Qe6+ 54. Kf3 Qe4+ 55. Kf2 Rd2+ 0-1

[Event "Cto. Madrid 2016/2017 - Semifinal"]
[Site "Madrid ESP"]
[Date "2017.03.27"]
[Round "1.22"]
[White "Arbunic Castro, Giovanna B"]
[Black "Camarero Izquierdo, Juan Carlos"]
[Result "0-1"]
[WhiteElo "2005"]
[BlackElo "1775"]
[PlyCount "55"]
[EventDate "2017.03.27"]
[EventType "swiss"]
[EventRounds "9"]
[EventCountry "ESP"]
[SourceTitle "AeM"]
[Source "lmi"]
[SourceDate "2017.03.27"]

1. e4 c5 2. Nf3 d6 3. d4 cxd4 4. Nxd4 Nf6 5. Nc3 a6 6. Be2 e6 7. Be3 Be7 8. Qd2
O-O 9. O-O-O b5 10. a3 Bb7 11. f3 Nbd7 12. g4 Nb6 13. g5 Nfd7 14. h4 Ne5 15. f4
Nec4 16. Bxc4 Nxc4 17. Qf2 Rc8 18. Rd3 d5 19. exd5 b4 20. axb4 Bxb4 21. Rhd1
Bxc3 22. Rxc3 Bxd5 23. f5 Qa5 24. Nb3 Qa2 25. Rxc4 Bxc4 26. Nd4 e5 27. f6 exd4
28. fxg7 0-1

[Event "Cto. Madrid 2016/2017 - Semifinal"]
[Site "Madrid ESP"]
[Date "2017.03.27"]
[Round "1.23"]
[White "Ingunza Curro, Andres"]
[Black "Cabanas Bravo, Juan Andres"]
[Result "1-0"]
[WhiteElo "1743"]
[BlackElo "2005"]
[PlyCount "51"]
[EventDate "2017.03.27"]
[EventType "swiss"]
[EventRounds "9"]
[EventCountry "ESP"]
[SourceTitle "AeM"]
[Source "lmi"]
[SourceDate "2017.03.27"]

1. e4 e5 2. Nf3 Nc6 3. Bc4 Bc5 4. O-O Nf6 5. d4 exd4 6. e5 d5 7. exf6 dxc4 8.
fxg7 Rg8 9. Bg5 Be7 10. Bxe7 Kxe7 11. Re1+ Be6 12. Na3 Qd5 13. Qe2 Rxg7 14.
Nxc4 Rag8 15. g3 Nb4 16. Rad1 c5 17. Nce5 a6 18. c3 d3 19. Nxd3 Nxd3 20. Rxd3
Qxa2 21. Qe5 Qxb2 22. Qd6+ Kf6 23. Nh4 Rg5 24. Qf4+ Ke7 25. Qc7+ Kf6 26. Rf3+
1-0

[Event "Cto. Madrid 2016/2017 - Semifinal"]
[Site "Madrid ESP"]
[Date "2017.03.28"]
[Round "2.2"]
[White "Corisco Beltran, Rafael"]
[Black "Quevedo Marin, Manuel"]
[Result "1-0"]
[WhiteElo "2038"]
[BlackElo "2245"]
[PlyCount "99"]
[EventDate "2017.03.27"]
[EventType "swiss"]
[EventRounds "9"]
[EventCountry "ESP"]
[SourceTitle "AeM"]
[Source "lmi"]
[SourceDate "2017.03.27"]

1. e4 c5 2. Nf3 e6 3. d4 cxd4 4. Nxd4 a6 5. Be2 Qc7 6. O-O Nf6 7. Nc3 Bc5 8.
Bg5 Nc6 9. Nb3 Be7 10. f4 d6 11. Bf3 O-O 12. Qe1 Rb8 13. Qg3 Kh8 14. Rae1 Ng8
15. e5 Bxg5 16. Qxg5 d5 17. f5 Nxe5 18. fxe6 f6 19. Nxd5 Qd8 20. Qf5 g6 21. Qh3
Re8 22. Nf4 Qb6+ 23. Kh1 Bxe6 24. Nxe6 Qxe6 25. Qxe6 Rxe6 26. Nc5 Re7 27. Bd5
Rc7 28. b4 Nc6 29. c3 Nce7 30. Be6 Kg7 31. Bxg8 Kxg8 32. Rxf6 Nd5 33. Rf3 a5
34. a3 Ra8 35. Re5 Nb6 36. h3 Nc4 37. Ne6 Re7 38. Rc5 Nxa3 39. Rxa5 Rae8 40.
Rxa3 Rxe6 41. Ra7 R8e7 42. c4 Re4 43. Rc3 Rc7 44. b5 Rexc4 45. Rxc4 Rxc4 46.
Rxb7 Rc1+ 47. Kh2 Rc3 48. b6 h5 49. Kg1 Rc2 50. Rc7 1-0